Visual Basic 5 client/server how-to / (Record no. 62007)
[ view plain ]
| 000 -LEADER | |
|---|---|
| fixed length control field | 01286cam a2200313 a 4500 |
| 001 - CONTROL NUMBER | |
| control field | 3541542 |
| 003 - CONTROL NUMBER IDENTIFIER | |
| control field | NUST-PNEC |
| 005 - DATE AND TIME OF LATEST TRANSACTION | |
| control field | 20170116180737.0 |
| 008 - FIXED-LENGTH DATA ELEMENTS--GENERAL INFORMATION | |
| fixed length control field | 970116s1997 caua 001 0 eng |
| 010 ## - LIBRARY OF CONGRESS CONTROL NUMBER | |
| LC control number | 97005116 |
| 020 ## - INTERNATIONAL STANDARD BOOK NUMBER | |
| International Standard Book Number | 1571690786 |
| 020 ## - INTERNATIONAL STANDARD BOOK NUMBER | |
| International Standard Book Number | 8187105542 |
| 040 ## - CATALOGING SOURCE | |
| Original cataloging agency | DLC |
| Transcribing agency | PNEC |
| Modifying agency | DLC |
| 050 00 - LIBRARY OF CONGRESS CALL NUMBER | |
| Classification number | QA76.9.C55 |
| Item number | V58 1997 |
| 082 00 - DEWEY DECIMAL CLASSIFICATION NUMBER | |
| Classification number | 005.43 JER |
| Edition number | 21 |
| 100 ## - MAIN ENTRY--PERSONAL NAME | |
| 9 (RLIN) | 1057 |
| Personal name | Jerke, Noel |
| 245 00 - TITLE STATEMENT | |
| Title | Visual Basic 5 client/server how-to / |
| Statement of responsibility, etc. | Noel Jerke ... [et al.]. |
| 260 ## - PUBLICATION, DISTRIBUTION, ETC. | |
| Place of publication, distribution, etc. | Corte Madera, CA / New Delhi : |
| Name of publisher, distributor, etc. | Waite Group Press/ Techmedia, |
| Date of publication, distribution, etc. | c1997. |
| 300 ## - PHYSICAL DESCRIPTION | |
| Extent | xv, 916 p. : |
| Other physical details | ill. ; |
| Dimensions | 23 cm. |
| 500 ## - GENERAL NOTE | |
| General note | Includes index. |
| 538 ## - SYSTEM DETAILS NOTE | |
| System details note | System requirements for accompanying computer disc: Windows 95; Windows NT 3.51 or higher. |
| 630 00 - SUBJECT ADDED ENTRY--UNIFORM TITLE | |
| Uniform title | Visual Basic. |
| 650 #0 - SUBJECT ADDED ENTRY--TOPICAL TERM | |
| Topical term or geographic name entry element | Client/server computing. |
| General subdivision | Computer, MIS |
| 700 1# - ADDED ENTRY--PERSONAL NAME | |
| Personal name | Jerke, Noel. |
| 856 ## - ELECTRONIC LOCATION AND ACCESS | |
| Uniform Resource Identifier | <a href="http://www.amazon.com/Visual-Basic-Client-Server-How/dp/1571690786/ref=sr_1_fkmr0_1?s=books&ie=UTF8&qid=1417007113&sr=1-1-fkmr0&keywords=MICROSOFT+VISUAL+BASIC+PROVISUAL+BASIC+5+CLIENT%2FSERVER+HOW-TO+BY">http://www.amazon.com/Visual-Basic-Client-Server-How/dp/1571690786/ref=sr_1_fkmr0_1?s=books&ie=UTF8&qid=1417007113&sr=1-1-fkmr0&keywords=MICROSOFT+VISUAL+BASIC+PROVISUAL+BASIC+5+CLIENT%2FSERVER+HOW-TO+BY</a> |
| 906 ## - LOCAL DATA ELEMENT F, LDF (RLIN) | |
| a | 7 |
| b | cbc |
| c | orignew |
| d | 1 |
| e | ocip |
| f | 19 |
| g | y-gencatlg |
| 942 ## - ADDED ENTRY ELEMENTS (KOHA) | |
| Source of classification or shelving scheme | |
| Koha item type | Book |
| Withdrawn status | Lost status | Source of classification or shelving scheme | Damaged status | Not for loan | Permanent Location | Current Location | Shelving location | Date acquired | Source of acquisition | Cost, normal purchase price | Total Checkouts | Full call number | Barcode | Date last seen | Cost, replacement price | Price effective from | Koha item type |
|---|---|---|---|---|---|---|---|---|---|---|---|---|---|---|---|---|---|
| Pakistan Navy Engineering College (PNEC) | Pakistan Navy Engineering College (PNEC) | - | 900.00 | 005.43 JER | PNECLIB-020622 | 11/26/2014 | 900.00 | Book |
